000 00458nam a22001457a 4500
020 _a70942412
050 _aTK153
_b.S55 1969
100 _aSmithson J.L.
245 _aMathematics for Electrical and Telecommunications Technicians
260 _aNew York
_bMcGraw Hill Book Company
_c1969
300 _axiv, 212p.
500 _aincludes index
650 _bMathematics,Telecommunication--Mathematics,Electrical engineering--Mathematics
_vbook
_xPBK
942 _cGEN
999 _c673
_d673